History... By Other 14 Categories! Quiz Stats

 Plays Quiz Updated May 28, 2018

Challenge
Share
Tweet
Embed
Score 0/14 Timer 06:00
12 Plays Today
Question Answer Wrong Answers
Miscellaneous: Henry Ford, the famous American vehicle industrialist, wrote in his autobiography about the Ford Model T that any customer can have a car painted any color that he wants so long as it is... Black
88%
Blue
5.3%
Red
2%
White
2.2%
Entertainment: The Broadway musical Evita is based on the biography of Eva Perón, the First Lady of which South American country? Argentina
87.9%
Bolivia
4.5%
Chile
2.6%
Venezuela
2.4%
Literature: William Shakespeare has a historical play named after which English monarch? Richard II
80.2%
Charles I
3.3%
Edward IV
9.8%
William the Conqueror
4%
Religion: Which Roman emperor is notable for the Edict of Milan (313), which proclaimed tolerance to Christianity in the Roman Empire; and later was beatified and declared Equal-to-the-Apostles in the Orthodox church? Constantine The Great
73%
Augustus
16.5%
Tacitus
2.6%
Theodosius the Great
5%
Language: The famous Rosetta Stone, transcribed by Jean-François Champollion, became the key of deciphering which old alphabet? Ancient Egyptian (hieroglyphical)
72.4%
Ancient Greek
8.3%
Coptic
2.4%
Sumerian (cuneiform script)
14.3%
Television: What television show was the first to mirror the real-life pregnancy of its starring actress within an episode plot, including her newborn son’s appearance hours after his birth? I Love Lucy
67.2%
Julia
6%
That Girl
5%
The Mary Tyler Moore Show
19.2%
Gaming: Parker Brothers, which produced such famous board games as Clue(do) and Monopoly, later became a brand of which American toy company? Hasbro
66.9%
Bachmann Industries
1.4%
Ideal Toy Company
2.3%
Mattel‎
26.8%
Science: In World War One, which country did Germany attack with mustard gas? Belgium
66.4%
Bulgaria
6.2%
Romania
10.3%
Serbia
14.5%
Movies: The East Africa Protectorate, the main setting of Sydney Pollack's movie Out Of Africa (1985), is now mainly the territory of which African country? Kenya
57%
Burundi
4.3%
Tanzania
24.4%
Uganda
11.5%
Holiday: The massacre of the Huguenots in France in 1572 occurred on August 24th. In Western Christianity that date was the holiday “The Feast of ________” St. Bartholomew
55.6%
St. Peter
20.1%
St. Thomas
13.2%
St. Vincent de Paul
8.4%
Sports: Which post-WWII war was called The Football War, as it began shortly after a football (soccer) match? El Salvador-Honduras war (1969)
55.2%
Indo-Pakistani war (1965)
19.9%
Turkey-Cyprus war (1974)
17.7%
Uganda-Tanzania war (1978)
4.6%
Music: Which band/artist has the highest-selling album of all time? Michael Jackson
51.8%
The Beatles
24.2%
Eagles
14.3%
Pink Floyd
7%
Just For Fun: Below are the first names of four US Presidents. Figure out their surnames. The last letter of which surname is closest to the letter Z in alphabet? Chester
48.4%
Grover
8.2%
Lyndon
29%
Millard
11.8%
Geography: The passage between South America and Antarctica, which connects the Atlantic and Pacific Oceans, is named after which famous British explorer? Francis Drake
39.4%
James Cook
49.7%
George Vancouver
3.6%
Samuel Wallis
4.6%

You're not logged in!

Compare scores with friends on all Sporcle quizzes.
Join for Free
OR
Log In

You Might Also Like...

Show Comments

Extras

Top Quizzes Today


Score Distribution

Your Account Isn't Verified!

In order to create a playlist on Sporcle, you need to verify the email address you used during registration. Go to your Sporcle Settings to finish the process.

Report this User

Report this user for behavior that violates our Community Guidelines.

Details: